MDQL
is popping MORE tags! Check the
thread
!
Quizzes
Events
Quiz Creation
Community
Videos
Private Events
Remove Ads
Sign In
Join for FREE
Feedback
Dark Mode
Quiz Categories
Sports
Geography
Music
Movies
Television
Just For Fun
Miscellaneous
History
Literature
Language
Science
Gaming
Entertainment
Religion
Holiday
For Kids
Quiz Lab
Recent
Popular Today
Quiz Kudos Today
Editor Picks
Curator Picks
Quizzes by...
Day
Popularity
Type
Ratings
Length
Year
Community
Subscriptions
Recent Discussions
Orange Saloon
Badges
Playlists
Quests
Create
Leaderboards
Showdown
Live 5
Trivia Bingo
Activity
Puzzle Library
Sporcle Events
Private Events
Virtual Trivia
Globe League
Become a Host
Pub Owners
SporcleCon
Opinionation
Our Games
Videos
Blog
Mobile Apps
Partnerships
Remove Ads and Go Orange
Feedback
Science
Computer
Plants
Astronomy
Chemistry
Elements
Math
Animal
Physics
Anatomy
Biology
Geology
General Science
Science
Computer
Plants
Astronomy
Chemistry
Elements
Math
Animal
Physics
Anatomy
Biology
Geology
General Science
Random Quiz
Search Sporcle
×
Quiz Lab
Quiz Lab
Science
face
Type in answers that appear in a list
Type in answers that appear in a list
Classic
Best Score? Go Orange.
Cranial and Facial Bones Stats
Can you name the bones of the skull and face?
By
MHS_113d
8m
20 Questions
1,945 Plays
1,945 Plays
1,945 Plays
Comments
Comments
Give Quiz Kudos
Give Quiz Kudos
-
- Ratings
hide this ad
Random Order
Randomize order of answers
Randomize order of answers
Replay
Link that replays current quiz
Next Quiz
Link to next quiz in quiz playlist
You Got
0%
They Got
Avg Score
58%
Avg Friend Score
Upgrade to see
Score Distribution
Jump to the score distribution portion of the page
Score
0/20
Timer
08:00
0
Plays Today
Description
Bone
% Correct
makes up the forehead, roof of orbits and most anterior part of cranial floor-
contains sinuses
frontal
85.7%
contains root of teeth and lower jaw. only movable joint in facial bones. strongest and largest facial bone.
mandible
85.3%
back of cranium, posterior. contains foramen magnum and occipital condyles
occipital
84.9%
cheekbones, floor and lateral part of orbits
zygomatic
83.2%
inferior sides of cranium, part of cranial floor. contains mastoid and styloid process
temporal
76.8%
middle part of cranial floor, bat-
shaped. cradle for pituatary glands
sphenoid
76.5%
most superior and lateral walls of cranium. meet at the midline of skull at a suture.
parietal
76.2%
anterior part of cranial floor, medial wall of orbits, superior portion of septum, roof of nasal cavity-
contains sinuses
ethmoid
71%
smallest bones of the face, tear tubes pass through
lacrimal
69.4%
posterior palate (roof of mouth)
palatine
63.7%
Description
Bone
% Correct
inferior to nasal septum
vomer
63.5%
immovable joints found between skull bones
suture
59%
the amount of cranial bones
8
54%
the ammount of facial bones
14
49.7%
the bridge of the nose
nasal bone
48.7%
rounded projection of the temporal bone behind the ear canal
mastoid process
40.5%
upper jaw, articulates with every facial bone except mandible. forms hard palate
maxillae
36%
tiny bumps projecting into nasal cavity to trap debris in inhaled air.
inferior nasal conchae
24%
membrane-
filled spaces between the cranial bones that are present at birth
fontanels
15.5%
connected system of hollow cavities amplifying the sounds we make. they drain nasal passages
paranasal sinuses
8.2%
Quiz Playlist
Details
Report
Send in Message
Add To Playlist
Classic:
Type in answers that appear in a list
Random Order:
Randomize order of answers
Last Updated: Feb 16, 2017
Quiz Scoreboard
CHALLENGE
Sign Up to Join the Scoreboard
Show All
Scores
Hide
Comments
May contain spoilers
Recently Published
Find the 'City' Movie
by crazypaving
Movies
60s
5x2 Blitz: Bands
by SL_Kpop136
Music
30s
Colored Red Africa Blitz
by spor1
Geography
30s
More to Explore
Quiz From the Vault
Featured Blog Post
14 Easter Pick-up Lines to Find Eggs With
hide this ad
You Might Also Like...
Tags
bones
cranial
description
face
facial
skull
Today's Top Quizzes in Science
Browse Science
hide this ad
Today's Top Quizzes in face
Browse face
Top Contributed Quizzes in Science
1
Windmill: Elements
2
17 TIMES TABLE
3
Glycolysis
4
Square Numbers Scrambled (1-50)
5
Astronomy Spelling Bee
6
'C' Flowers II
7
Vet Tech Pharmacology Drug Contraindications
8
Missing Vowel Minefield: Lanthanides
9
Sorting Squares: Animals by Continent
10
3-letter Elementary Words
Explore More
Trending Topics
Harry Potter
Marvel
NBA
Crossword
Kpop
Disney
Anime
The Office
NFL
WWE
Soccer
Country
Pokémon
Song
Puzzle
hide this ad
More By:
MHS_113d
Quiz
Plays
Rating
Category
Featured
Created
Cranial and Facial Bones
1,945
3.00
Science
Feb 15, 2011
Algebra Quiz
69
2.00
Miscellaneous
Feb 15, 2011
geometry vocabulary
36
2.00
Miscellaneous
Feb 15, 2011
presidents review
35
1.00
History
Feb 15, 2011
Spanish Speaking Countries
27
Language
Feb 15, 2011
Go to Creator's Profile
Score Distribution
Quiz Creator Spotlight
MHS_113d
Follow
Send a Message
Quizzes Created
-
Created Quiz Play Count
-
More By This Creator
Popular Quizzes Today
1
Colored Red Africa Blitz
2
Find the 'City' Movie
3
Find the US States - No Outlines Minefield
4
5x2 Blitz: Bands
5
The Countries of the World
6
Find the US States
7
Find the Countries of Europe - No Outlines Minefield
8
US States
More Science Quizzes
Did She Really Blind Me with Science?
Published
Trending Quizzes
Colored Red Europe Blitz I
Colored Red Europe Blitz II
Colored Red Africa Blitz II
Colored Red Europe Blitz III
Colored Red Africa Blitz III
Recently Updated
How Do You Spell That?
pecheneg
Godzilla Movies
pecheneg
Grab Bag: 4-10 Letters
pecheneg
2024 March Madness Bracket
pecheneg
Famous TV Couples
Peacemaker
Champions League XIs: Real Madrid
pecheneg
Largest US Cities 1790-2010
pecheneg
Rides in Walt Disney World
pecheneg
Most Oscar Losses (Acting)
pecheneg
Beyoncé Albums
pecheneg
Trending Topics
Harry Potter
NBA
Crossword
Marvel
Disney
Anime
Kpop
Pokémon
Song
The Office
Soccer
NFL
Country
Puzzle
WWE
Your Account Isn't Verified!
In order to create a playlist on Sporcle, you need to verify the email address you used during registration. Go to your
Sporcle Settings
to finish the process.
Report this User
Report this user for behavior that violates our
Community Guidelines
.
Details:
Send Report
Go to the Sporcle.com Mobile Site →
Comments